Alle Länder Asiens (mit Karte) - Statistiken

Allgemein
  • Dieses Quiz wurde 553 mal gespielt
  • Das Durchschnittsergebnis liegt bei 40 aus 49
Antworten auf der Karte
Die Antworten werden auf der Karte rot bzw. grün angezeigt, abhängig davon wie oft sie richtig erraten wurden.
 
Antwortstatistiken
Antwort % Korrekt
China
98%
Indien
96%
Japan
96%
Türkei
96%
Nordkorea
95%
Südkorea
95%
Iran
93%
Israel
93%
Kasachstan
93%
Indonesien
92%
Irak
92%
Saudi-Arabien
91%
Mongolei
90%
Afghanistan
89%
Pakistan
89%
Thailand
89%
Oman
87%
Vietnam
87%
Jemen
86%
Nepal
86%
Philippinen
86%
Vereinigte Arabische Emirate
86%
Georgien
85%
Katar
85%
Sri Lanka
85%
Zypern
85%
Jordanien
83%
Kirgistan
83%
Aserbaidschan
82%
Bangladesch
82%
Armenien
81%
Syrien
81%
Turkmenistan
81%
Usbekistan
81%
Laos
80%
Malaysia
80%
Singapur
80%
Bhutan
77%
Myanmar
77%
Kambodscha
74%
Libanon
73%
Tadschikistan
73%
Malediven
67%
Bahrain
66%
Kuwait
66%
Osttimor
60%
Brunei
54%
Russland
31%
Ägypten
15%
Keine übereinstimmenden Quizze gefunden
Verteilung der Resultate
Anzahl Personen mit jedem Resultat
Perzentil nach korrekt beantworteten Fragen
Ihre Resultats-Entwicklung
Sie haben dieses Quiz noch nicht gespielt